Responses for show #7501 - Monday, April 3, 2017

Contestants

Billy Wong, an adjunct professor from Hacienda Heights, California

Abigail Myers, an education administrator from Brooklyn, New York

Eric Vernon, a retired government relations specialist from Ottawa, Ontario, Canada (whose 2-day cash winnings total $50,400)

Jeopardy! Round responses

NEW WAYS TO SAY CORRECT
(Alex: I'm trying to discover new ways.)
TIME SPANS
THE ROCK & ROLL QUINTET
KING ME
"O" BROTHER
WHERE ART THOU?
    $200 11
the Stone Age

Billy
    $200 8
Pearl Jam

Abigail
    $200 1
Owen Wilson

Abigail
    $200 6
the Ten Commandments

Abigail
    $400 21
Roger

Billy
    $400 12
seven

Abigail
    $400 15
The Foo Fighters

Eric
    $400 2
Otto

Eric
    $400 7
Skull

Eric
    $600 27
"Yeah, baby"

Abigail
    $600 14
the Olympiad

Eric
    $600 16
"You Can't Always Get What You Want"

Abigail
    $600 24
(Abigail: What is the king of spades?)

the king of hearts

Abigail
Triple Stumper
    $600 3
Ogden

Eric
    $600 9
by duel

Billy
    $800 26
bazinga

Abigail
    $800 18
epoch

Eric
    $800 17
The Cars

Billy
    $800 23
(Alex: With less than a minute.)

brie

Abigail
    $800 4
Orville Wright

Billy
    $1,400 10
the War of 1812

Billy
    $1000 25
Yahtzee

Abigail
    $1000 20
generation

Abigail
    $1000 19
Oasis

Abigail
    $1000 22
(Billy: Who is Richard?)

Henry VI

AbigailBilly
    $1000 5
Olaf

Abigail
    $1000 13
Spam

Abigail

Scores at the first commercial break (after clue 15):

Eric Abigail Billy
$2,400 $3,000 $3,000

Scores at the end of the Jeopardy! Round:

Eric Abigail Billy
$3,200 $9,200 $3,200

Double Jeopardy! Round responses

ON THE LISZT
CONSTELLATIONS
AUTHORS & THEIR WORKS
PHOTOGRAPHY
KILLER CARS
AT THE "END"
    $400 1
Pest

Eric
    $400 23
Sagittarius

Eric
    $400 10
Jack London

Eric
    $400 12
a horse

Billy
    $400 26
Mad Max

Eric
    $400 16
a dividend

Abigail
    $800 2
(Abigail: Who is Pete Townshend?)

(Roger) Daltrey

EricAbigail
    $800 6
chariot

Abigail
    $800 9
Gigi

Triple Stumper
    $800 13
the Dust Bowl

Billy
    $800 27
National Lampoon's Animal House

Triple Stumper
    $800 17
apprehend

Eric
    $1200 3
the Romany (or the Gypsy)

Abigail
    $1200 24
the sails

Triple Stumper
    $1200 4
Mark Twain

Billy
    $1200 14
the Empire State Building

Abigail
    $1200 28
(Eric: What is Family Vacation?)
(Alex: Yeah.)
[The end-of-round signal sounds.]
(Alex: No, it isn't Family Vacation, sorry. It's [*] without the "Family," darn.)

National Lampoon's Vacation

Eric
Triple Stumper
    $1200 18
Legend

Abigail
    $1600 11
"Mephisto"

Abigail
    $1600 5
Asclepius

Abigail
    $1600 7
Kipling

Abigail
    $2,000 15
Ansel Adams

Abigail
    $1600 19
reverend

Eric
    $2000 21
Cosima

Triple Stumper
    $9,600 25
(Eric: What is a deer?)

a bear

Eric
    $2000 8
Of Human Bondage

Triple Stumper
    $2000 22
Mapplethorpe

Abigail
    $2000 20
condescend

Eric

Scores at the end of the Double Jeopardy! Round:

Eric Abigail Billy
-$800 $22,000 $5,600
(lock game)

[wagering suggestions for these scores]

Final Jeopardy! Round responses

COUNTRIES OF THE WORLD
BillyWhat are India + Pakistan?
$5,600
AbigailWhat are India + Pakistan?
$7,000
India and Pakistan

Final scores:

Eric Abigail Billy
-$800 $29,000 $11,200
3rd place: $1,000 New champion: $29,000 2nd place: $2,000

Game dynamics:

Coryat scores:

Eric Abigail Billy
$8,800 $21,600 $5,000
14 R,
2 W
(including 1 DD)
24 R
(including 1 DD),
2 W
9 R
(including 1 DD),
1 W

Combined Coryat: $35,400

The J! Archive is created by fans, for fans. The Jeopardy! game show and all elements thereof, including but not limited to copyright and trademark thereto, are the property of Jeopardy Productions, Inc. and are protected under law. This website is not affiliated with, sponsored by, or operated by Jeopardy Productions, Inc. Join the discussion at JBoard.tv.